|
|
|
|
| LEADER |
01861nam a22003137a 4500 |
| 001 |
29447 |
| 003 |
BD-DhAAL |
| 005 |
20150802130228.0 |
| 008 |
150802s2008 txu b 001 0 eng d |
| 010 |
|
|
|a 2008924026
|
| 020 |
|
|
|a 9780979926907
|
| 020 |
|
|
|a 0979926904
|
| 035 |
|
|
|a (OCoLC)ocn248774755
|
| 040 |
|
|
|a JRY
|c JRY
|d AAM
|d DLC
|d BD-DhAAL
|
| 042 |
|
|
|a lccopycat
|
| 050 |
0 |
0 |
|a QA43
|b .A534 2008
|
| 082 |
0 |
0 |
|a 510
|2 22
|
| 100 |
1 |
|
|a Andreescu, Titu,
|d 1956-
|9 13440
|
| 245 |
1 |
0 |
|a Problems from the book /
|c Titu Andreescu, Gabriel Dospinescu.
|
| 260 |
|
|
|a Allen, TX :
|b XYZ Press,
|c c2008.
|
| 300 |
|
|
|a xvi, 571 p. ;
|c 22 cm.
|
| 504 |
|
|
|a Includes bibliographies (p. 563-569) and index.
|
| 505 |
0 |
|
|a Some useful substitutions -- Always Cauchy-Schwarz... --- Look at the exponent -- Primes and squares -- T2's lemma -- Some classical problems in extremal graphy theory -- Complex combinatorics -- Formal series revisited -- A brief introduction to algebraic number theory -- Arithmetic properties of polynomials -- Lagrange interpolation formula -- Higher algebra in combinatorics -- Geometry and numbers -- The smaller, the better -- Density and regular distribution -- The digit sum of a positive integer -- At the border of analysis and number theory -- Quadratic reciprocity -- Solving elementary inequalities using integrals --Pigeonhole principle revisited -- Some useful irreducibility criteria -- Cycles, paths, and other ways -- Some special applications of polynomials.
|
| 541 |
|
|
|e 29447
|
| 650 |
|
0 |
|a Mathematics
|v Problems, exercises, etc.
|9 13441
|
| 700 |
1 |
|
|a Dospinescu, Gabriel.
|9 13442
|
| 942 |
|
|
|2 ddc
|c BK
|
| 999 |
|
|
|c 35129
|d 35129
|
| 952 |
|
|
|0 0
|1 0
|2 ddc
|4 0
|6 510_000000000000000_AND
|7 0
|9 55078
|a BRACUL
|b BRACUL
|c GEN
|d 2015-08-02
|e Development Book Agency
|g 11000.00
|l 1
|m 11
|o 510 AND
|p 3010029447
|r 2023-01-15
|s 2020-01-11
|t 1
|v 22000.00
|w 2015-08-02
|y BK
|